Joint Modules and Internationalisation in Higher Education (Record no. 13258)

MARC details
000 -LEADER
fixed length control field 00949nam a2200121Ia 4500
008 - FIXED-LENGTH DATA ELEMENTS--GENERAL INFORMATION
fixed length control field 220615s9999||||xx |||||||||||||| ||und||
245 #0 - TITLE STATEMENT
Title Joint Modules and Internationalisation in Higher Education
Remainder of title Reflections on the Joint Module «Comparative Studies in Adult Education and Lifelong Learning»
546 ## - LANGUAGE NOTE
Language note English[eng]
650 ## - SUBJECT ADDED ENTRY--TOPICAL TERM
Topical term or geographic name entry element «Comparative||Adult||Adult Education||Adult Learning||Balázs||Education||Educational Policies||Egetenmeyer||Employability||Guimaraes||Higher||Internationalisation||Joint||Learning»||Lifelong||Lifelong Learning||Module||Modules||Németh||Paula||Reflections||Regina||Robak||Steffi||Studies
700 ## - ADDED ENTRY--PERSONAL NAME
Personal name Egetenmeyer, Regina||Guimaraes, Paula||Németh, Balázs
856 ## - ELECTRONIC LOCATION AND ACCESS
Uniform Resource Identifier <a href="https://library.oapen.org/bitstream/20.500.12657/27245/1/1002768.pdf||https://library.oapen.org/bitstream/20.500.12657/27245/1/1002768.pdf||https://library.oapen.org/bitstream/20.500.12657/27245/1/1002768.pdf">https://library.oapen.org/bitstream/20.500.12657/27245/1/1002768.pdf||https://library.oapen.org/bitstream/20.500.12657/27245/1/1002768.pdf||https://library.oapen.org/bitstream/20.500.12657/27245/1/1002768.pdf</a>
942 ## - ADDED ENTRY ELEMENTS (KOHA)
Koha item type E-Books
Holdings
Withdrawn status Lost status Damaged status Not for loan Home library Current library Date acquired Total Checkouts Date last seen Price effective from Koha item type
        Kerala University of Digital Sciences, Innovation and Technology Knowledge Centre Kerala University of Digital Sciences, Innovation and Technology Knowledge Centre 15/06/2022   15/06/2022 15/06/2022 E-Books